书目信息 |
| 题名: |
青少年抗焦虑手册
|
|
| 作者: | 威拉德 著 ;吴伊兰 , 黄小玉 译 | |
| 分册: | ||
| 出版信息: | 北京 现代出版社 2017 |
|
| 页数: | 13,207页 | |
| 开本: | 21cm | |
| 丛书名: | 紫图书库 | |
| 单 册: | ||
| 中图分类: | R749.7 | |
| 科图分类: | ||
| 主题词: | 焦虑--防治--青少年读物 | |
| 电子资源: | ||
| ISBN: | 978-7-5143-4964-1 | |
| 000 | 01298oam2 2200289 450 | |
| 001 | 1416 | |
| 005 | 20180522112619.52 | |
| 010 | @a978-7-5143-4964-1@dCNY42.00 | |
| 100 | @a20170905d2017 em y0chiy50 ea | |
| 101 | 1 | @achi@ceng |
| 102 | @aCN@b110000 | |
| 105 | @aa z 000yy | |
| 200 | 1 | @a青少年抗焦虑手册@9qing shao nian kang jiao lv shou ce@dMindfulness for teen anxiety@e哈佛大学心理学家给父母和孩子的成长课@f(美)克里斯托弗·威拉德著@g吴伊兰(Elaine Wu),黄小玉译@zeng |
| 210 | @a北京@c现代出版社@d2017 | |
| 215 | @a13,207页@c图@d21cm | |
| 225 | 2 | @a紫图书库@i亲子教育@v011 |
| 330 | @a本书是为生活学习中普遍存在焦虑问题的青少年和年轻人提供的一本家庭教育实用手册。书中针对具体问题设计了启发式问答及练习,帮助读者更好地理解焦虑的根源,养成积极的思维习惯。作者循循善诱,字里行间流露出同情和理解,充分考虑到青少年、年轻读者群的心理特点,融专业实用和趣味阅读于一体,是一本十分难得的家教读物。 | |
| 461 | 0 | @12001 @a紫图书库 |
| 462 | 0 | @12001 @a亲子教育 |
| 510 | 1 | @aMindfulness for teen anxiety@zeng |
| 606 | 0 | @a焦虑@x防治@j青少年读物 |
| 690 | @aR749.7@v5 | |
| 701 | 0 | @c(美)@a威拉德@9wei la de@c(Willard, Christopher)@4著 |
| 702 | 0 | @a吴伊兰@9wu yi lan@c(Wu, Elaine)@4译 |
| 702 | 0 | @a黄小玉@9huang xiao yu@4译 |
| 801 | 0 | @aCN@b91MARC@c20170905 |
| 905 | @aMuseLib@dR749.7@e192 | |
| 青少年抗焦虑手册=Mindfulness for teen anxiety:哈佛大学心理学家给父母和孩子的成长课/(美)克里斯托弗·威拉德著/吴伊兰(Elaine Wu),黄小玉译.-北京:现代出版社,2017 |
| 13,207页:图;21cm.-(紫图书库.亲子教育;011) |
| ISBN 978-7-5143-4964-1:CNY42.00 |
| 本书是为生活学习中普遍存在焦虑问题的青少年和年轻人提供的一本家庭教育实用手册。书中针对具体问题设计了启发式问答及练习,帮助读者更好地理解焦虑的根源,养成积极的思维习惯。作者循循善诱,字里行间流露出同情和理解,充分考虑到青少年、年轻读者群的心理特点,融专业实用和趣味阅读于一体,是一本十分难得的家教读物。 |
| ● |
| 相关链接 |
|
|
|
|
正题名:青少年抗焦虑手册
索取号:R749.7/192
 
预约/预借
| 序号 | 登录号 | 条形码 | 馆藏地/架位号 | 状态 | 备注 |
| 1 | 1104396 | 211043967 | 第二样本阅览室/ [索取号:R749.7/192] | 在馆 | |
| 2 | 1104397 | 211043976 | 教育系资料室/ [索取号:R749.7/192] | 在馆 | |
| 3 | 1104398 | 211043985 | 教育系资料室/ [索取号:R749.7/192] | 在馆 | |
| 4 | 1104399 | 211043994 | 教育系资料室/ [索取号:R749.7/192] | 在馆 | |
| 5 | 1104400 | 211044001 | 第三借阅区/ [索取号:R749.7/192] | 在馆 | |
| 6 | 1104401 | 211044010 | 第三借阅区/ [索取号:R749.7/192] | 在馆 |